000 00863nam a2200229 a 4500
001 BRCA_2324
005 20190320203748.0
008 250908s1992----mx-a---###---#000-0#spa-#
020 _a9686084541
050 4 _aN6553
_b.A78 7
_c1992
245 1 0 _aArquitectura y carpintería mudéjar en Nueva España
_cRafael López Guzmán ... [et al.] ; presentación Sergio Zaldívar Guerra.
260 _a[México]
_bGrupo Azabache
_c1992
300 _a190 p.
_bil. (algunas a color)
_c29 cm.
440 0 _aArte novohispano
_v7
_96987
504 _aBibliografía : p. 189-[191]
650 1 4 _aArquitectura religiosa
_xInfluencias mudéjar
_zMéxico
_96988
650 1 4 _aArquitectura religiosa
_xDetalles
_zMéxico
_96989
650 1 4 _aArquitectura colonial
_zMéxico
_91940
700 1 _aLópez Guzman, Rafael
_96990
700 1 _aZaldívar Guerra, Sergio
_96991
942 _2lcc
_cB
999 _c2069
_d2069